Statistics for Eurasian Union members

Click here to take the quiz!

General Stats

  • This quiz has been taken 9 times
  • The average score is 4 of 5

Answer Stats

Answer% Correct
Russia
100%
Armenia
88%
Kazakhstan
88%
Belarus
75%
Kyrgystan
25%

Score Distribution

Percentile by Number Answered

Percent of People with Each Score

Your Score History

You have not taken this quiz